[Event "4NCL Online Division 5"]
[Site "online"]
[Date "2021.02.23"]
[EventDate "2021.02.23"]
[Round "3.52"]
[White "Sriram, Gautam"]
[WhiteElo "658"]
[WhiteTeam "Watford Juniors C"]
[Black "Levy, Christopher A"]
[BlackElo "1844"]
[BlackTeam "Hackney Hackers"]
[Result "0-1"]
[PlyCount "60"]

1. e4 c5 2. Nf3 Nc6 3. Bb5 g6 4. O-O Bg7 5. d3 e5 6. c3 Nge7 7. Bg5 O-O 8. Bxe7 Nxe7 9. Re1 Qb6 10. c4 d6 11. Nc3 f5 12. exf5 Bxf5 13. Nh4 Be6 14. Re3 a6 15. Nd5 Bxd5 16. cxd5 axb5 17. Qb3 Nf5 18. Nxf5 Rxf5 19. a4 b4 20. h3 Qd8 21. g4 Rf4 22. f3 Qf6 23. a5 Rxf3 24. Rxf3 Qxf3 25. Qa4 Qg3+ 26. Kh1 Qxh3+ 27. Kg1 Qg3+ 28. Kh1 e4 29. dxe4 Qh3+ 30. Kg1 Bd4# 0-1

[Event "4NCL Online Division 5"]
[Site "online"]
[Date "2021.02.23"]
[EventDate "2021.02.23"]
[Round "3.53"]
[White "Figueroa, Edison"]
[WhiteElo "1819"]
[WhiteTeam "Hackney Hackers"]
[Black "Balakrishnan, Akshata"]
[BlackElo "656"]
[BlackTeam "Watford Juniors C"]
[Result "1-0"]
[PlyCount "55"]

1. e4 e5 2. Nf3 Nc6 3. Bc4 Nf6 4. Ng5 d5 5. exd5 Nb4 6. d6 Nxc2+ 7. Qxc2 Be6 8. Bxe6 fxe6 9. Nxe6 Qxd6 10. Nxc7+ Kd8 11. Nxa8 g6 12. Nc3 Bh6 13. O-O e4 14. Nxe4 Nxe4 15. Qxe4 Qb8 16. Qd4+ Ke8 17. Qxh8+ Bf8 18. Re1+ Kd8 19. Qxf8+ Kd7 20. Re7+ Kc6 21. Qf3+ Kd6 22. Qf6+ Kc5 23. d4+ Kd5 24. Nc7+ Kc4 25. b3+ Kc3 26. Bd2+ Kxd2 27. Qf3 Qd8 28. Re2# 1-0

[Event "4NCL Online Division 5"]
[Site "online"]
[Date "2021.02.23"]
[EventDate "2021.02.23"]
[Round "3.54"]
[White "Naren, Riyanna"]
[WhiteElo "630"]
[WhiteTeam "Watford Juniors C"]
[Black "Reilly, Gerard"]
[BlackElo "1792"]
[BlackTeam "Hackney Hackers"]
[Result "0-1"]
[PlyCount "44"]

1. e4 c5 2. Nf3 d6 3. Nc3 Nc6 4. Bc4 Nf6 5. d3 a6 6. Bf4 b5 7. Bb3 Bb7 8. O-O e6 9. Re1 Be7 10. Re3 Nh5 11. Bg3 Nxg3 12. Qd2 Nh5 13. Rae1 Nd4 14. Rf1 O-O 15. Nxd4 cxd4 16. Ree1 dxc3 17. bxc3 Rc8 18. Re3 Bg5 19. Re2 Bxd2 20. Rxd2 Qg5 21. Rdd1 Nf4 22. Rde1 Qxg2# 0-1

[Event "4NCL Online Division 5"]
[Site "online"]
[Date "2021.02.23"]
[EventDate "2021.02.23"]
[Round "3.61"]
[White "Foale, Ron"]
[WhiteElo "1511"]
[WhiteTeam "Uxbridge Cyclones"]
[Black "Robins, Andrew"]
[BlackElo "1761"]
[BlackTeam "Ashfield Anonymous D"]
[Result "0-1"]
[PlyCount "36"]

1. e4 c6 2. d4 d5 3. exd5 cxd5 4. Nf3 Nf6 5. Nc3 Nc6 6. a3 Bg4 7. Be2 e6 8. h3 Bxf3 9. Bxf3 a6 10. Bf4 Bd6 11. Bxd6 Qxd6 12. O-O O-O 13. Re1 Rac8 14. Qd3 b5 15. Qe2 Nxd4 16. Qd3 Nxf3+ 17. Qxf3 Rc7 18. Rad1 Rfc8 0-1

[Event "4NCL Online Division 5"]
[Site "online"]
[Date "2021.02.23"]
[EventDate "2021.02.23"]
[Round "3.62"]
[White "Bentley, Alex"]
[WhiteElo "1750"]
[WhiteTeam "Ashfield Anonymous D"]
[Black "Foster, Brian E"]
[BlackElo "1544"]
[BlackTeam "Uxbridge Cyclones"]
[Result "1-0"]
[PlyCount "91"]

1. e4 c5 2. Nf3 d6 3. d4 cxd4 4. Nxd4 Bd7 5. c4 Nf6 6. Nc3 e5 7. Nf5 Bxf5 8. exf5 Be7 9. Bd3 Nc6 10. O-O O-O 11. Ne4 Rc8 12. b3 Qd7 13. Nxf6+ Bxf6 14. Be4 b6 15. Bb2 Rcd8 16. Qd3 Nb4 17. Qd2 Nc6 18. Rad1 Qc7 19. g4 h6 20. f4 Rfe8 21. g5 hxg5 22. fxg5 Be7 23. Qg2 Rc8 24. g6 Bf6 25. Bd5 Nd8 26. Qh3 Kf8 27. Ba3 Ke7 28. Qh5 Nb7 29. Bxb7 Rh8 30. Qf3 Rcd8 31. Qd5 fxg6 32. fxg6 Rhf8 33. Rfe1 Qd7 34. Qg2 Qf5 35. Be4 Qg5 36. Rd5 Rh8 37. Qxg5 Bxg5 38. Rxe5+ Kf6 39. Rd5 Bf4 40. Rf5+ Kxg6 41. Rxf4+ Kg5 42. Bc1 Kh5 43. Re3 Rhf8 44. Rh3+ Kg5 45. Rg3+ Kh5 46. Bf3+ 1-0

[Event "4NCL Online Division 5"]
[Site "online"]
[Date "2021.02.23"]
[EventDate "2021.02.23"]
[Round "3.63"]
[White "Pordes, Ben"]
[WhiteElo "1527"]
[WhiteTeam "Uxbridge Cyclones"]
[Black "Fraser, Chris"]
[BlackElo "1629"]
[BlackTeam "Ashfield Anonymous D"]
[Result "1-0"]
[PlyCount "121"]

1. d4 Nf6 2. c4 e6 3. Nf3 Bb4+ 4. Bd2 Qe7 5. g3 Nc6 6. Bg2 O-O 7. O-O Bxd2 8. Nbxd2 d6 9. e4 e5 10. d5 Nb8 11. b4 a5 12. a3 b6 13. Ne1 Bg4 14. f3 Bd7 15. Nd3 Na6 16. Qc2 a4 17. Rfc1 b5 18. c5 Rfc8 19. c6 Be8 20. Nb1 Rab8 21. Nc3 Kh8 22. Nf2 Rb6 23. Bf1 Rcb8 24. Bd3 Bxc6 25. dxc6 Rxc6 26. Qe2 Rcb6 27. Bxb5 c5 28. Bxa6 cxb4 29. axb4 Rxb4 30. Nd3 Qa7+ 31. Qf2 Qxa6 32. Nxb4 Rxb4 33. Rcb1 Rd4 34. Qe2 Qa7 35. Kg2 Qa5 36. Rc1 g6 37. Qc2 a3 38. Qb3 Rd2+ 39. Kh3 Qa7 40. Ra2 Qd7+ 41. g4 Rd3 42. Rg1 Rxf3+ 43. Rg3 h5 44. Kg2 Rxg3+ 45. hxg3 Qxg4 46. Qxf7 Nxe4 47. Qf8+ Kh7 48. Qf7+ Kh6 49. Nxe4 Qxe4+ 50. Qf3 Qb4 51. Qxa3 Qe4+ 52. Qf3 Qd4 53. Re2 h4 54. gxh4 Qxh4 55. Qh3 g5 56. Rd2 Kg6 57. Rxd6+ Kf7 58. Qd7+ Kf8 59. Rf6+ Kg8 60. Rg6+ Kh8 61. Qg7# 1-0

[Event "4NCL Online Division 5"]
[Site "online"]
[Date "2021.02.23"]
[EventDate "2021.02.23"]
[Round "3.64"]
[White "Hardman, Daniel"]
[WhiteElo "1536"]
[WhiteTeam "Ashfield Anonymous D"]
[Black "Selvaduarai, Karthisamy"]
[BlackElo "1548"]
[BlackTeam "Uxbridge Cyclones"]
[Result "1-0"]
[PlyCount "89"]

1. e4 e6 2. d4 b6 3. Bd3 Bb7 4. Nf3 Be7 5. O-O Nf6 6. e5 Nd5 7. a3 c6 8. c4 Nc7 9. Nc3 O-O 10. Qc2 g6 11. Bh6 Re8 12. Ne4 d6 13. h4 Bxh4 14. Nxh4 Qxh4 15. Nf6+ Kh8 16. Nxe8 Nxe8 17. Be3 dxe5 18. dxe5 c5 19. f4 Qg3 20. Qf2 Qg4 21. Be2 Qf5 22. Bf3 Nc6 23. Rad1 Rb8 24. g4 Qxg4+ 25. Bxg4 Na5 26. Bf3 Ba6 27. Be2 Nxc4 28. Bxc4 Bxc4 29. Rfe1 Kg8 30. Rd2 Ng7 31. Red1 Bd5 32. Rxd5 exd5 33. Rxd5 Nf5 34. Qd2 Kg7 35. Bf2 Ne7 36. Rd7 Nf5 37. Rxa7 h5 38. Qd7 Rf8 39. a4 Kh6 40. a5 bxa5 41. Bxc5 Rh8 42. Qxf7 h4 43. Bf8+ Kh5 44. Qf6 Rg8 45. Qg5# 1-0

[Event "4NCL Online Division 5"]
[Site "online"]
[Date "2021.02.23"]
[EventDate "2021.02.23"]
[Round "3.71"]
[White "Zhang, Zheming"]
[WhiteElo "2092"]
[WhiteTeam "Forest Hall Juniors"]
[Black "Correa, Edward"]
[BlackElo "1270"]
[BlackTeam "Manchester Juniors C"]
[Result "1-0"]
[PlyCount "49"]

1. e4 c5 2. Nc3 d6 3. f4 Nc6 4. Bb5 Bd7 5. Nf3 f6 6. O-O a6 7. Bxc6 Bxc6 8. d3 e5 9. Nh4 Ne7 10. f5 Nc8 11. Qh5+ Kd7 12. Ng6 Qe8 13. Qh3 Rg8 14. Qxh7 Ne7 15. Bd2 Qf7 16. Nh8 Qe8 17. Rf3 g5 18. fxg6 Bg7 19. Nf7 Bh8 20. Qh3+ Kc7 21. Qe6 Bd7 22. Qxd6+ Kc8 23. Nd5 Nxd5 24. Qxd5 Rxg6 25. Nd6+ 1-0

[Event "4NCL Online Division 5"]
[Site "online"]
[Date "2021.02.23"]
[EventDate "2021.02.23"]
[Round "3.72"]
[White "Pearson, Matt D"]
[WhiteElo "1232"]
[WhiteTeam "Manchester Juniors C"]
[Black "French, Morgan"]
[BlackElo "1662"]
[BlackTeam "Forest Hall Juniors"]
[Result "0-1"]
[PlyCount "44"]

1. e4 Nf6 2. Nc3 d5 3. exd5 Nxd5 4. Qf3 c6 5. d3 e6 6. d4 Bd6 7. Bd3 Nd7 8. Qg3 Bxg3 9. hxg3 N7f6 10. f3 Qc7 11. Kf2 Bd7 12. Nh3 h6 13. Nxd5 Nxd5 14. Be4 O-O-O 15. Bf4 Nxf4 16. gxf4 Qb6 17. c3 Qxb2+ 18. Ke3 Qxc3+ 19. Ke2 Be8 20. f5 Rxd4 21. Rac1 Rd2+ 22. Ke1 Qxc1# 0-1

[Event "4NCL Online Division 5"]
[Site "online"]
[Date "2021.02.23"]
[EventDate "2021.02.23"]
[Round "3.73"]
[White "Xu, Weiming"]
[WhiteElo "1569"]
[WhiteTeam "Forest Hall Juniors"]
[Black "Topping, Rachel"]
[BlackElo "1225"]
[BlackTeam "Manchester Juniors C"]
[Result "1-0"]
[PlyCount "31"]

1. e4 e5 2. Nf3 Nc6 3. Nc3 a6 4. d4 exd4 5. Nxd4 Ne5 6. Be2 Nf6 7. f4 Ng6 8. e5 c5 9. exf6 cxd4 10. Qxd4 gxf6 11. O-O d6 12. Nd5 Be6 13. Nxf6+ Ke7 14. f5 Ne5 15. fxe6 fxe6 16. Bg5 1-0

[Event "4NCL Online Division 5"]
[Site "online"]
[Date "2021.02.23"]
[EventDate "2021.02.23"]
[Round "3.74"]
[White "Benhamida, Jude"]
[WhiteElo "1120"]
[WhiteTeam "Manchester Juniors C"]
[Black "Johnston, Alexander"]
[BlackElo "1593"]
[BlackTeam "Forest Hall Juniors"]
[Result "1-0"]
[PlyCount "102"]

1. e4 e6 2. Nf3 b6 3. d4 Bb7 4. Nc3 Bb4 5. Bd3 Nf6 6. Bg5 h6 7. Bh4 g5 8. Nxg5 hxg5 9. Bxg5 Be7 10. f3 Rg8 11. Qd2 Nc6 12. d5 exd5 13. exd5 Nxd5 14. Bxe7 Ncxe7 15. Ne4 Rg6 16. Ng5 Rd6 17. Be4 Nf6 18. Qf4 Bxe4 19. fxe4 Rc6 20. e5 Neg8 21. exf6 Qxf6 22. Qxf6 Rxf6 23. O-O-O O-O-O 24. h4 Rf2 25. Rdf1 Rxg2 26. Nxf7 Re8 27. Re1 Rf8 28. Ref1 Re8 29. Kb1 Ree2 30. Rc1 Nf6 31. h5 Rh2 32. h6 Rxc2 33. Rxh2 Rxh2 34. Rg1 d6 35. Rg6 Ne4 36. Re6 d5 37. Re5 c6 38. Re6 Kd7 39. Rg6 Ke7 40. Ne5 c5 41. Ng4 Rh4 42. Rg7+ Ke6 43. h7 d4 44. Rg6+ Kf5 45. Rh6 Rxg4 46. h8=Q d3 47. Rh5+ Kf4 48. Qf8+ Ke3 49. Rh1 Nf2 50. Re1+ Kd2 51. Qxf2# 1-0

[Event "4NCL Online Division 5"]
[Site "online"]
[Date "2021.02.23"]
[EventDate "2021.02.23"]
[Round "3.81"]
[White "Vaidya, Raghav"]
[WhiteElo "1818"]
[WhiteTeam "Barnet Knights B"]
[Black "Trudeau, Gary"]
[BlackElo "1842"]
[BlackTeam "Calstock Killers"]
[Result "1-0"]
[PlyCount "63"]

1. c4 Nc6 2. Nc3 e5 3. Nf3 f5 4. g3 e4 5. Nh4 d6 6. d3 Be7 7. Ng2 Nf6 8. Nf4 g5 9. Nfd5 exd3 10. exd3 h6 11. Bg2 O-O 12. O-O Bd7 13. Re1 Rb8 14. b4 Rf7 15. Bb2 Ne5 16. Nxe7+ Rxe7 17. Nd5 Nxd5 18. Bxd5+ Kh7 19. d4 Ng6 20. Qd2 c6 21. Bf3 Qg8 22. Rxe7+ Nxe7 23. Re1 Re8 24. d5 cxd5 25. cxd5 Ng6 26. Bg2 Rxe1+ 27. Qxe1 Qe8 28. Qc3 Qf7 29. Qc7 Qe8 30. Bf1 Ne5 31. Bxe5 dxe5 32. Bb5 1-0

[Event "4NCL Online Division 5"]
[Site "online"]
[Date "2021.02.23"]
[EventDate "2021.02.23"]
[Round "3.82"]
[White "Kirkman, Nigel J"]
[WhiteElo "1722"]
[WhiteTeam "Calstock Killers"]
[Black "Eedle, Eric F"]
[BlackElo "1825"]
[BlackTeam "Barnet Knights B"]
[Result "0-1"]
[PlyCount "66"]

1. Nf3 Nf6 2. g3 g6 3. Bg2 d5 4. c4 c6 5. b3 Bg7 6. Bb2 O-O 7. O-O Re8 8. d4 Nbd7 9. Nc3 Nb6 10. c5 Nbd7 11. e3 Nh5 12. e4 dxe4 13. Ng5 Ndf6 14. Ncxe4 Nxe4 15. Nxe4 Nf6 16. f3 Nd5 17. Qe2 Qa5 18. a3 b6 19. b4 Qa4 20. Qd1 Qxd1 21. Rfxd1 Ba6 22. Nc3 Ne3 23. Rd2 Nc4 24. Rad1 Nxd2 25. Rxd2 Rad8 26. Ne4 f5 27. Ng5 e5 28. f4 e4 29. Bf1 Bxf1 30. Kxf1 bxc5 31. bxc5 h6 32. Nh3 Rd5 33. Ke2 Rb8 0-1

[Event "4NCL Online Division 5"]
[Site "online"]
[Date "2021.02.23"]
[EventDate "2021.02.23"]
[Round "3.83"]
[White "Vyas, Alisha"]
[WhiteElo "1695"]
[WhiteTeam "Barnet Knights B"]
[Black "Henderson, Jason"]
[BlackElo "1680"]
[BlackTeam "Calstock Killers"]
[Result "1-0"]
[PlyCount "67"]

1. e4 e6 2. d4 d5 3. Nd2 c5 4. c3 Nc6 5. Ngf3 Nf6 6. Bd3 cxd4 7. cxd4 dxe4 8. Nxe4 Nxe4 9. Bxe4 Bb4+ 10. Bd2 Bxd2+ 11. Qxd2 Bd7 12. O-O O-O 13. Rfe1 h6 14. Rad1 Rc8 15. d5 exd5 16. Bxd5 Bg4 17. Qf4 Bd7 18. Bxc6 Rxc6 19. Ne5 Rc7 20. Qd4 Re8 21. Re3 Qf6 22. h3 Bxh3 23. gxh3 Qg5+ 24. Kh2 Rc2 25. Ree1 Qf5 26. Nd3 Rxe1 27. Rxe1 Rd2 28. Rg1 g6 29. Rg3 h5 30. Qe3 Rd1 31. Rf3 Qd5 32. Qe8+ Kg7 33. Qe5+ Qxe5+ 34. Nxe5 1-0

[Event "4NCL Online Division 5"]
[Site "online"]
[Date "2021.02.23"]
[EventDate "2021.02.23"]
[Round "3.84"]
[White "Pearce, Stephen"]
[WhiteElo "1562"]
[WhiteTeam "Calstock Killers"]
[Black "Sanfey, Gregor"]
[BlackElo "1677"]
[BlackTeam "Barnet Knights B"]
[Result "0-1"]
[PlyCount "64"]

1. e4 d6 2. d4 Nf6 3. Nc3 g6 4. h3 Bg7 5. Be3 c6 6. Nf3 b5 7. Bd3 O-O 8. Qd2 Nbd7 9. Bh6 e5 10. Bxg7 Kxg7 11. dxe5 dxe5 12. O-O Qe7 13. Rad1 a5 14. Rfe1 Ba6 15. Qe2 Nc5 16. Rd2 b4 17. Bxa6 bxc3 18. bxc3 Rxa6 19. Qc4 Rb6 20. Rde2 Rd8 21. Re3 Rb2 22. Rc1 Nfxe4 23. Rxe4 Nxe4 24. Qxe4 f5 25. Qxc6 Rxa2 26. Rb1 Rd7 27. Rb5 e4 28. Nd4 Ra1+ 29. Kh2 Qd6+ 30. Qxd6 Rxd6 31. Rxf5 Rxd4 32. cxd4 gxf5 0-1

[Event "4NCL Online Division 5"]
[Site "online"]
[Date "2021.02.23"]
[EventDate "2021.02.23"]
[Round "3.91"]
[White "Reynolds, D Ian W"]
[WhiteElo "2011"]
[WhiteTeam "Redbridge All Sorts 1"]
[Black "Brown, Tom"]
[BlackElo "2068"]
[BlackTeam "Braunstone 1"]
[Result "0-1"]
[PlyCount "34"]

1. e4 c6 2. Nc3 d5 3. Nf3 dxe4 4. Nxe4 Nf6 5. Nxf6+ exf6 6. d4 Bd6 7. Bd3 O-O 8. O-O Bg4 9. h3 Bh5 10. Re1 Nd7 11. c3 Qc7 12. Be3 Rfe8 13. Bc2 Nf8 14. d5 Rad8 15. c4 cxd5 16. cxd5 Bxf3 17. Bxh7+ Nxh7 0-1

[Event "4NCL Online Division 5"]
[Site "online"]
[Date "2021.02.23"]
[EventDate "2021.02.23"]
[Round "3.92"]
[White "Bray, David"]
[WhiteElo "2036"]
[WhiteTeam "Braunstone 1"]
[Black "McCall, Martin"]
[BlackElo "2000"]
[BlackTeam "Redbridge All Sorts 1"]
[Result "1-0"]
[PlyCount "67"]

1. Nf3 g6 2. d4 Bg7 3. c4 d6 4. Nc3 Nf6 5. e4 O-O 6. Be2 Qe8 7. O-O e5 8. d5 a5 9. Qc2 Nh5 10. Be3 f5 11. exf5 gxf5 12. Ng5 Na6 13. Rad1 h6 14. Ne6 Bxe6 15. dxe6 f4 16. Bd2 Nc5 17. e7 Rf6 18. Nd5 Ne6 19. Nxf6+ Nxf6 20. Bf3 Nd4 21. Qd3 Qxe7 22. Be4 Nd7 23. Bxb7 Nc5 24. Bd5+ Kh8 25. Qg6 Rf8 26. Bc3 Rf6 27. Qh5 Rf5 28. Qh3 Ne2+ 29. Kh1 Qf6 30. Bxa5 e4 31. b4 Nd3 32. Bxe4 Nc3 33. Qxd3 Nxd1 34. Rxd1 1-0

[Event "4NCL Online Division 5"]
[Site "online"]
[Date "2021.02.23"]
[EventDate "2021.02.23"]
[Round "3.93"]
[White "Hunnable, Ian D"]
[WhiteElo "1939"]
[WhiteTeam "Redbridge All Sorts 1"]
[Black "Tang, Julian"]
[BlackElo "1834"]
[BlackTeam "Braunstone 1"]
[Result "1-0"]
[PlyCount "89"]

1. Nf3 d5 2. d4 Nf6 3. c4 e6 4. Bg5 Be7 5. e3 O-O 6. Nbd2 c6 7. Bd3 Nbd7 8. O-O h6 9. Bh4 dxc4 10. Nxc4 b5 11. Nce5 Nxe5 12. Nxe5 Bb7 13. Rc1 Rc8 14. f3 Nd5 15. Bf2 a6 16. Bb1 g6 17. a3 Kg7 18. Qd3 f5 19. Rfe1 c5 20. Rcd1 c4 21. Qc2 c3 22. e4 cxb2 23. Qxb2 Nc3 24. Rc1 Nxb1 25. Rxb1 Qd6 26. Qb3 fxe4 27. Rbd1 Bd5 28. Qb1 Qxa3 29. fxe4 Ba2 30. Qa1 Rc2 31. Bg3 Bb4 32. Rd3 Bc3 33. Qd1 Qb2 34. Qg4 Bxd4+ 35. Rxd4 Qxd4+ 36. Kh1 Rf6 37. Nf3 Qc3 38. Be5 Qxe1+ 39. Nxe1 Rf2 40. Bxf6+ Rxf6 41. Nf3 b4 42. e5 Rf5 43. Qxb4 h5 44. h3 Kh6 45. Qd2+ 1-0

[Event "4NCL Online Division 5"]
[Site "online"]
[Date "2021.02.23"]
[EventDate "2021.02.23"]
[Round "3.94"]
[White "Booley, Graham M"]
[WhiteElo "1799"]
[WhiteTeam "Braunstone 1"]
[Black "Sheard, Jack"]
[BlackElo "1856"]
[BlackTeam "Redbridge All Sorts 1"]
[Result "0-1"]
[PlyCount "96"]

1. e4 c6 2. d4 d5 3. exd5 cxd5 4. Nf3 Bg4 5. c3 Qc7 6. Qa4+ Nc6 7. Ne5 Bd7 8. Nxd7 Qxd7 9. Bf4 Nf6 10. Nd2 e6 11. Nf3 Bd6 12. Bxd6 Qxd6 13. Bb5 O-O 14. O-O Rfc8 15. Rfe1 Nd7 16. Bd3 Rab8 17. Qd1 b5 18. Re3 Nf6 19. Ne5 Qf8 20. Rh3 g6 21. f4 b4 22. g4 bxc3 23. bxc3 Nxe5 24. fxe5 Nd7 25. Qa4 Rc7 26. Rf1 Nb6 27. Qc2 Qc8 28. Qd2 Nd7 29. Qf2 Nf8 30. Rf3 Qe8 31. h4 a5 32. h5 a4 33. h6 Qe7 34. Qh2 Qd8 35. Qf2 Qe7 36. Qh2 Qg5 37. Qf4 Qxf4 38. Rxf4 Rb2 39. c4 dxc4 40. Bxc4 Rc2 41. Bb5 a3 42. Be8 f5 43. exf6 Rxa2 44. f7+ Kh8 45. d5 Rcc2 46. R4f2 Rxf2 47. Rxf2 Rxf2 48. Kxf2 exd5 0-1

[Event "4NCL Online Division 5"]
[Site "online"]
[Date "2021.02.23"]
[EventDate "2021.02.23"]
[Round "3.101"]
[White "Jeffs, David"]
[WhiteElo "1695"]
[WhiteTeam "Warley And Quinborne"]
[Black "Mooney, David Paul"]
[BlackElo "2181"]
[BlackTeam "Chessable White Rose 3"]
[Result "0-1"]
[PlyCount "100"]

1. d4 d5 2. c4 dxc4 3. e4 e5 4. Bxc4 Bb4+ 5. Bd2 Bxd2+ 6. Qxd2 exd4 7. Nf3 Nc6 8. Qf4 Qe7 9. O-O Nh6 10. Nbd2 O-O 11. Rfe1 Bg4 12. h3 Be6 13. a3 Rad8 14. Bd3 f6 15. Qh4 Nf7 16. Qg3 Nce5 17. Nxe5 Nxe5 18. f4 Nxd3 19. Qxd3 c5 20. Rac1 Kh8 21. Rf1 Rfe8 22. Rf3 Bf7 23. Re1 Qc7 24. b3 Qa5 25. a4 c4 26. bxc4 Qxa4 27. Rc1 Qc6 28. Rff1 a5 29. Qa3 a4 30. Qb4 Bg6 31. f5 Bh5 32. g4 Bf7 33. Ra1 Ra8 34. Rf3 Rec8 35. Rfa3 Bxc4 36. Rxa4 Rxa4 37. Rxa4 Bb5 38. Ra5 Qc1+ 39. Kf2 Bd3 40. Ra7 Qd1 41. Rxb7 Qe2+ 42. Kg3 Qe1+ 43. Kg2 Bxe4+ 44. Nxe4 Qxe4+ 45. Kg3 h5 46. Ra7 Rc3+ 47. Kh4 Qe1+ 48. Kxh5 Rxh3+ 49. Kg6 Qe8+ 50. Rf7 Rh6# 0-1

[Event "4NCL Online Division 5"]
[Site "online"]
[Date "2021.02.23"]
[EventDate "2021.02.23"]
[Round "3.102"]
[White "Wills, Tom"]
[WhiteElo "1989"]
[WhiteTeam "Chessable White Rose 3"]
[Black "Draper, Martin"]
[BlackElo "1576"]
[BlackTeam "Warley And Quinborne"]
[Result "1-0"]
[PlyCount "29"]

1. e4 e6 2. d4 d5 3. Nc3 c5 4. exd5 exd5 5. dxc5 Bxc5 6. Bb5+ Bd7 7. Qxd5 Qe7+ 8. Nge2 Bc6 9. Bg5 f6 10. Bf4 a6 11. Bxc6+ bxc6 12. Qc4 Nd7 13. O-O Nh6 14. Ng3 Kf8 15. Rad1 1-0

[Event "4NCL Online Division 5"]
[Site "online"]
[Date "2021.02.23"]
[EventDate "2021.02.23"]
[Round "3.103"]
[White "Lewis, John B"]
[WhiteElo "1433"]
[WhiteTeam "Warley And Quinborne"]
[Black "Busuioc, Alexandra"]
[BlackElo "1953"]
[BlackTeam "Chessable White Rose 3"]
[Result "0-1"]
[PlyCount "70"]

1. d4 d6 2. c4 Nf6 3. Nc3 g6 4. Bg5 Bg7 5. e3 O-O 6. Nf3 h6 7. Bxf6 Bxf6 8. h3 Nc6 9. a3 e5 10. d5 Ne7 11. e4 Bg7 12. Bd3 f5 13. Nh4 g5 14. Nxf5 Nxf5 15. exf5 Bxf5 16. Bxf5 Rxf5 17. Qg4 Qf6 18. Ne4 Qf7 19. Qe2 Rf8 20. f3 Rf4 21. O-O-O Qg6 22. Rdf1 c6 23. Qd2 Rc8 24. g3 Rxf3 25. Rxf3 Qxe4 26. Rhf1 Qxc4+ 27. Qc2 Qxd5 28. Rd3 Qe6 29. g4 d5 30. Kb1 e4 31. Re3 Re8 32. Ree1 d4 33. Rf5 d3 34. Qd2 Qb3 35. Rc1 e3 0-1

[Event "4NCL Online Division 5"]
[Site "online"]
[Date "2021.02.23"]
[EventDate "2021.02.23"]
[Round "3.104"]
[White "Parkhouse, Max"]
[WhiteElo "1880"]
[WhiteTeam "Chessable White Rose 3"]
[Black "Woodward, Pauline"]
[BlackElo "1239"]
[BlackTeam "Warley And Quinborne"]
[Result "1-0"]
[PlyCount "51"]

1. d4 Nf6 2. Bf4 c5 3. d5 d6 4. Nc3 g6 5. e4 Bg7 6. Nf3 O-O 7. Qd2 Na6 8. Bc4 Bg4 9. h3 Bxf3 10. gxf3 Qa5 11. Bh6 Qb6 12. Bxg7 Kxg7 13. h4 Nd7 14. h5 Ne5 15. Be2 Qc7 16. hxg6 fxg6 17. Qh6+ Kf6 18. f4 Nf7 19. Qh4+ Kg7 20. Qxh7+ Kf6 21. e5+ dxe5 22. Ne4+ Kf5 23. Bd3 Qa5+ 24. c3 Kxf4 25. Qh4+ Kf3 26. Qg3# 1-0

[Event "4NCL Online Division 5"]
[Site "online"]
[Date "2021.02.23"]
[EventDate "2021.02.23"]
[Round "3.111"]
[White "Karthikeyan, Pranav"]
[WhiteElo "722"]
[WhiteTeam "BCC Foxes"]
[Black "Siddle, Michael"]
[BlackElo "1477"]
[BlackTeam "Bishop Knights"]
[Result "1-0"]
[PlyCount "131"]

1. b3 Nf6 2. Bb2 b6 3. Nf3 Bb7 4. e3 e6 5. Be2 Be7 6. c4 d6 7. O-O O-O 8. d4 Nbd7 9. Nbd2 c5 10. Bd3 d5 11. Ne5 Nxe5 12. dxe5 Ne4 13. f3 Nxd2 14. Qxd2 d4 15. exd4 cxd4 16. Bxd4 Qc7 17. Qc2 Rad8 18. Bb2 g6 19. Rad1 Bc5+ 20. Kh1 Rd7 21. Be4 Rfd8 22. Rxd7 Rxd7 23. Bxb7 Qxb7 24. h3 Qc7 25. Rd1 Qd8 26. Rxd7 Qxd7 27. Bc3 a5 28. Qd2 Qxd2 29. Bxd2 Kf8 30. Kh2 Ke8 31. Kg3 Bd4 32. Kf4 Bc5 33. Be3 g5+ 34. Ke4 Bxe3 35. Kxe3 h6 36. Kd4 Kd7 37. c5 Kc6 38. cxb6 Kxb6 39. a4 h5 40. g3 Kc6 41. Kc4 Kb6 42. h4 g4 43. f4 Kc6 44. b4 axb4 45. Kxb4 Kb6 46. a5+ Ka6 47. Kc5 Kxa5 48. Kd6 Kb5 49. Ke7 Kc5 50. Kxf7 Kd5 51. Kf6 Ke4 52. Kxe6 Kf3 53. f5 Kxg3 54. f6 Kf3 55. f7 g3 56. f8=Q+ Ke4 57. Qg7 Kf3 58. Kd6 g2 59. e6 Kf2 60. e7 g1=Q 61. Qxg1+ Kxg1 62. e8=Q Kh2 63. Qg8 Kh3 64. Ke5 Kxh4 65. Kf4 Kh3 66. Qg3# 1-0

[Event "4NCL Online Division 5"]
[Site "online"]
[Date "2021.02.23"]
[EventDate "2021.02.23"]
[Round "3.112"]
[White "Clynes, Chris"]
[WhiteElo "1398"]
[WhiteTeam "Bishop Knights"]
[Black "Tran, Le Gia Khuong"]
[BlackElo "726"]
[BlackTeam "BCC Foxes"]
[Result "0-1"]
[PlyCount "56"]

1. d4 d5 2. Nf3 Nc6 3. e3 Bf5 4. c4 e6 5. cxd5 Qxd5 6. Nc3 Qd7 7. a3 a6 8. Be2 Nf6 9. O-O Be7 10. b4 Na7 11. Ne5 Qd8 12. f4 O-O 13. g4 Ne4 14. gxf5 Nxc3 15. Qd3 Nxe2+ 16. Qxe2 exf5 17. Bb2 Bd6 18. Kh1 Bxe5 19. dxe5 Qd5+ 20. Rf3 Nc6 21. Qg2 g6 22. Rg1 Rfd8 23. Qg5 Qxf3+ 24. Qg2 Qxg2+ 25. Rxg2 Rd1+ 26. Rg1 Rxg1+ 27. Kxg1 Rd8 28. Kf1 Rd2 0-1

[Event "4NCL Online Division 5"]
[Site "online"]
[Date "2021.02.23"]
[EventDate "2021.02.23"]
[Round "3.113"]
[White "Panunzio, Jacopo"]
[WhiteElo "695"]
[WhiteTeam "BCC Foxes"]
[Black "Burnett, John"]
[BlackElo "1191"]
[BlackTeam "Bishop Knights"]
[Result "0-1"]
[PlyCount "144"]

1. e4 Nc6 2. Nc3 e6 3. Nf3 Nf6 4. d4 Bb4 5. Bd2 Bxc3 6. Bxc3 Nxe4 7. Bd3 Nxc3 8. bxc3 d5 9. Ne5 Nxe5 10. dxe5 Qg5 11. Bb5+ c6 12. Be2 Qxe5 13. O-O Qxc3 14. Rb1 O-O 15. Rb3 Qf6 16. Rd3 Qb2 17. Rh3 Qxa2 18. Qd3 f5 19. Bh5 Qa5 20. Qd4 Qc7 21. Rg3 c5 22. Bf7+ Rxf7 23. Qh4 Qe7 24. Qh6 Rf6 25. Qh4 f4 26. Rh3 h6 27. g4 g5 28. Qh5 Qf7 29. Qxf7+ Kxf7 30. Rb1 b6 31. c3 Ba6 32. Ra1 Be2 33. Kg2 Bxg4 34. Rd3 Bf5 35. Rd2 a5 36. Rb1 e5 37. Rxd5 Be4+ 38. Kh3 Bxd5 39. Kg4 Rb8 40. Rc1 e4 41. c4 Be6+ 42. Kh5 Kg7 43. Rd1 Bf7+ 44. Kg4 Bxc4 45. Rd7+ Bf7 46. f3 e3 47. Re7 Re8 48. Rxe8 Bxe8 49. Kh3 e2 50. Kg2 e1=Q 51. Kh3 Qh4+ 52. Kg2 Bc6 53. h3 Qg3+ 54. Kf1 Qxh3+ 55. Kg1 Qg3+ 56. Kf1 Qxf3+ 57. Ke1 Re6+ 58. Kd2 Qe2+ 59. Kc1 Qe1+ 60. Kc2 Re2+ 61. Kd3 Be4+ 62. Kc4 Rc2+ 63. Kb5 Qb1+ 64. Ka6 a4 65. Ka7 a3 66. Kb8 Rd2 67. Kc7 a2 68. Kb8 a1=Q 69. Kc7 Qe5+ 70. Kc8 Qe6+ 71. Kb8 Qd6+ 72. Kc8 Qd8# 0-1

[Event "4NCL Online Division 5"]
[Site "online"]
[Date "2021.02.23"]
[EventDate "2021.02.23"]
[Round "3.114"]
[White "Clynes, Jamie"]
[WhiteElo "874"]
[WhiteTeam "Bishop Knights"]
[Black "Wang, Mark"]
[BlackElo "704"]
[BlackTeam "BCC Foxes"]
[Result "1-0"]
[PlyCount "49"]

1. d4 d5 2. c4 c6 3. Nc3 Nf6 4. Nf3 Bf5 5. Bg5 Nbd7 6. e3 e6 7. Be2 Bb4 8. cxd5 cxd5 9. O-O O-O 10. Qa4 Be7 11. b4 b6 12. Bb5 h6 13. Bf4 a6 14. Bxa6 Bxb4 15. Rfc1 Nb8 16. Bxb8 Qxb8 17. Nb5 Bd6 18. Nxd6 Qxd6 19. Ne5 Rfb8 20. Qb5 Qc7 21. Rxc7 Ne4 22. Bb7 Ra7 23. Qxb6 Raxb7 24. Rxb7 Rxb7 25. Qxb7 1-0